Statistics for Outkast albums

Click here to take the quiz!

General Stats

  • This quiz has been taken 115 times
  • The average score is 5 of 6

Answer Stats

YearAnswer% Correct
1996ATLiens
97%
2000Stankonia
92%
1998Aquemini
88%
2003Speakerboxxx/The Love Below
84%
2006Idlewild
60%
1994Southernplayalisticadillacmuzik
50%

Score Distribution

Percentile by Number Answered

Percent of People with Each Score

Your Score History

You have not taken this quiz